Biblical beliefs: (Record no. 3374)

000 -LEADER
fixed length control field 00629nam a2200181 a 4500
001 - CONTROL NUMBER
control field :::00001104$&:&@@
003 - CONTROL NUMBER IDENTIFIER
control field OkBaRHE
005 - DATE AND TIME OF LATEST TRANSACTION
control field 20000607103241.0
008 - FIXED-LENGTH DATA ELEMENTS--GENERAL INFORMATION
fixed length control field s1962 j 000 0 eng u
040 ## - CATALOGING SOURCE
Transcribing agency
100 1# - MAIN ENTRY--PERSONAL NAME
Personal name Benson, Clarence Herbert, 1879-
245 10 - TITLE STATEMENT
Title Biblical beliefs:
Remainder of title the doctrines of inspiration, salvation, the church, angels, last things.
260 ## - PUBLICATION, DISTRIBUTION, ETC. (IMPRINT)
Place of publication, distribution, etc Wheaton, IL., :
Name of publisher, distributor, etc Evangelical Teacher Training Association
Date of publication, distribution, etc 1962
300 ## - PHYSICAL DESCRIPTION
Extent 94 p. ;
Dimensions 22 cm.
650 ## - SUBJECT ADDED ENTRY--TOPICAL TERM
Topical term or geographic name as entry element Bible
General subdivision Theology
942 ## - ADDED ENTRY ELEMENTS (KOHA)
Source of classification or shelving scheme
Koha item type Books
Copies
Withdrawn status Full call number Permanent Location Lost status Shelving location Barcode Damaged status Date acquired Date last seen Source of classification or shelving scheme Price effective from Copy number Koha item type Not for loan
 BS 543 .B4RHEMA Bible Training College General Stacks1104 2010-04-142018-02-16 2010-04-141Books